| 000 | 00000nam##2200000za#4500 |
| 001 | 9.521299 |
| 003 | CaOODSP |
| 005 | 20210615083021 |
| 007 | ta |
| 008 | 150406|1992||||xxc||||| f|0| 0 fre|d |
| 020 | |a0-660-57474-8 |
| 022 | |a0706-148X |
| 040 | |aCaOODSP|bfre |
| 041 | |aeng |
| 041 | |afre |
| 043 | |an-cn--- |
| 086 | 1 |aS52-2/216-1992 |
| 110 | 1 |aCanada.|bSecrétariat d'État du Canada. |bBureau de la traduction. |
| 245 | 10|aVocabulaire de la vérification publique / |cpar Louiselle Gagnon et Charles Skeete. |
| 260 | |aOttawa - Ontario : |bSecrétariat d'État du Canada. |c1992. |
| 300 | |a291p. ; |c22 cm. |
| 490 | 1 |aBulletin de terminologie|x0706-148X|v216 |
| 520 | 3 |aBulletin de terminologie 216. Par Louiselle Gagnon et Charles Skeete. Ce vocabulaire constitue un outil de communication essentiel pour tous ceux que la vérification publique intéresse, qu'ils soient vérificateurs, contrôleurs, comptables, gestionnaires, traducteurs, rédacteurs, journalistes, professeurs, étudiants ou contribuables. Il compte environ 1 300 notions et 360 définitions, dont des termes de comptabilité, de statistique, d'informatique, de gestion financière et de gestion du personnel. |
| 546 | |aBilingue |
| 563 | |aCouverture souple |
| 590 | |a92-43|b1992-10-23 |
| 691 | 07|aVérification comptable|2gcpds |
| 691 | 07|aTerminologie|2gcpds |
| 691 | 07|aSecteur public|2gcpds |
| 720 | 1 |aGagnon, Louiselle |
| 720 | 1 |aSkeete, Charles |
| 776 | 0#|tVocabulary of public sector auditing / |w(CaOODSP)9.590543 |
| 791 | |tVocabulary of public sector auditing / |eeng|w(CaOODSP)9.521298 |
| 830 | #0|aBulletin de terminologie,|x0706-148X|v216|w(CaOODSP)9.509599 |